Statystyki dla 10 największych miast w Szwajcarii

Kliknij tutaj aby rozwiązać quiz!

Ogólne statystyki

  • Ten quiz został rozwiązany 144 razy
  • Średni wynik to 5 z 10

Statystyki odpowiedzi

LudnośćMiasto% Poprawnych
125 000Berno
100%
376 000Zurych
94%
188 000Genewa
86%
164 000Bazylea
73%
129 000Lozanna
56%
78 000Lucerna
41%
55 000Lugano
34%
73 000Sankt Gallen
28%
51 000Biel
15%
103 000Winterthur
15%

Rozkład punktacji

Percentyl według liczby udzielonych odpowiedzi

Procent ludzi z każdym wynikiem

Twoja historia wyników

Nie rozwiązałeś tego quizu